Journal of Food Science and Technology

Salvato in:
Dettagli Bibliografici
Natura: Periodico
Lingua:inglese
Pubblicazione: Odessa Odessa national academy of food technologies
Tags: Aggiungi Tag
Nessun Tag, puoi essere il primo ad aggiungerne!!

MARC

LEADER 00000nas1a2200000 4500
001 0267295
005 20250627105527.6
022 |a 2409-7004 
022 |a 2073-8684 
041 0 |a eng 
044 |a UA 
245 1 0 |a Journal of Food Science and Technology 
264 1 |a Odessa  |b Odessa national academy of food technologies